000 00751cam a22002653a 4500
001 4376
003 PGUSA
005 20140828083053.0
008 030801s2003||||xxu|||||s|||||000 1 eng d
040 _aPGUSA
_beng
042 _adc
050 4 _aPS
100 1 _aMcClung, Nellie L.,
_d1873-1951
245 1 0 _aSowing Seeds in Danny
_h[electronic resource] /
_cNellie L. McClung
260 _bProject Gutenberg,
_c2003
506 _aPublic domain in the USA.
516 _aElectronic text
653 _aImmigrants -- Manitoba -- Fiction
653 _aCanada -- Fiction
653 _aPrairies -- Fiction
653 _aFamilies -- Fiction
830 0 _aProject Gutenberg
_v4376
856 4 0 _uhttp://www.gutenberg.org/ebooks/4376
942 _cEB
999 _c233705
_d233705